A First Look at Philippine Flowers (Record no. 20086)

MARC details
000 -LEADER
fixed length control field 01106nam a2200289 ca4500
003 - CONTROL NUMBER IDENTIFIER
control field DE-604
005 - DATE AND TIME OF LATEST TRANSACTION
control field 20260408143912.0
007 - PHYSICAL DESCRIPTION FIXED FIELD--GENERAL INFORMATION
fixed length control field t|
008 - FIXED-LENGTH DATA ELEMENTS--GENERAL INFORMATION
fixed length control field 110326n ph a b |||| 00||0 eng d
020 ## - INTERNATIONAL STANDARD BOOK NUMBER
International Standard Book Number 9789716300185
040 ## - CATALOGING SOURCE
Original cataloging agency DE-604
Language of cataloging ger
Description conventions rakwb
Transcribing agency GESM
041 0# - LANGUAGE CODE
Language code of text/sound track or separate title eng
082 ## - DEWEY DECIMAL CLASSIFICATION NUMBER
Classification number 582
100 1# - MAIN ENTRY--PERSONAL NAME
Personal name Bulalacao, Lolita Jagudilla
Relator term Verfasser
Relationship aut
245 10 - TITLE STATEMENT
Title A First Look at Philippine Flowers
260 ## - PUBLICATION, DISTRIBUTION, ETC.
Place of publication, distribution, etc. Manila
Name of publisher, distributor, etc. Tahanan Books
Date of publication, distribution, etc. 1994
300 ## - PHYSICAL DESCRIPTION
Extent 24 p
Dimensions 20,5/20,5 cm
Type of unit Pamphlet
490 ## - SERIES STATEMENT
Series statement A first look at
500 ## - GENERAL NOTE
General note Monographs in systematic botany from the National Museum, Philippines
520 ## - SUMMARY, ETC.
Summary, etc. In this new series, botanist Lolita J. Bulalacao uses simple descriptions to distinguish one species from another so that children can sharpen their skills of observation, understand basic classification in biology and to open their eyes to the diversity of the world around them.
521 ## - TARGET AUDIENCE NOTE
Target audience note Grade school
526 ## - STUDY PROGRAM INFORMATION NOTE
Program name How the World Works<br/>Sharing the Planet
650 ## - SUBJECT ADDED ENTRY--TOPICAL TERM
Topical term or geographic name entry element Flowers
Geographic subdivision Philippines
655 04 - INDEX TERM--GENRE/FORM
Genre/form data or focus term FILIPINIANA
700 ## - ADDED ENTRY--PERSONAL NAME
Personal name Dayao, Crispin, Jr.
Relator term ill
942 ## - ADDED ENTRY ELEMENTS (KOHA)
Source of classification or shelving scheme Dewey Decimal Classification
Koha item type Books
Suppress in OPAC No
999 ## -
-- 20086
-- 20086
Holdings
Withdrawn status Lost status Not for loan Collection Home library Current library Shelving location Inventory number Total checkouts Full call number Barcode Date last seen Price effective from Koha item type Public note Date due Date last checked out
      English Non-Fiction Grade School GESM Library GESM Library Main Library Book Baskets 09-35986   ENG 582 BUL E0001375 08/04/2026 08/04/2026 Books Good Condition    
      English Non-Fiction Grade School GESM Library GESM Library Main Library Book Baskets 95-35987 1 ENG 582 BUL E0001376 22/04/2026 08/04/2026 Books Good Condition 16/02/2027 22/04/2026